Full House Quiz - Statistics

General Stats
  • This quiz has been taken 1,613 times
  • The average score is 12 of 15
Answer Stats
Hint Answer % Correct
oldest daughter D.j
99%
youngest daughter Michelle
95%
best friend of the widowed husband Joey
93%
middle daughter stephanie
93%
brother whose sister died in a car crash jesse
89%
married jesse becky
88%
number of total seasons 8
87%
another twin alex
85%
color of the convertable joey got dj red
84%
the name of the dog they get in season 3 comet
83%
one of the twins nicky
83%
wife died Danny
67%
friend that moves to texas teddy
56%
michelles friend after other friend moves to texas denise
37%
last episode Michelle Rides Again
26%
No matching quizzes found
Score Distribution
Percent of People with Each Score
Percentile by Number Answered
Your Score History
You have not taken this quiz